000 01014nam a22002897a 4500
003 DO-SdBNP
005 20221101111415.0
007 ta
008 221101b2019 dr a|||| |||| 00| 0 spa d
020 _a9789945580662
040 _aDO-SdBNP
_bspa
_cBNPHU
082 4 _222
100 1 _aVargas Villegas, Elizabeth
_980564
245 1 0 _aLógica matemática y teoría de conjuntos /
_cElizabeth Vargas Villegas, Luis Alfredo Núñez ; editor Lennys Tejada Betancourt ; corrección de estilo Luisa Hernández
260 _aSanto Domingo :
_bUAPA,
_c2019.
300 _a393 p. :
_bil. ;
_c27 cm.
490 1 _aAutoaprendizaje
_v13
500 _aIncluye datos biográficos del autor en la contracubierta
504 _aBibliografía : p. 385
590 _aInventariado, 2022/BT
700 1 _aNúñez, Luis Alfredo,
_979591
700 1 _aTejada Betancourt, Lennys,
_eed.
_979591
700 1 _aHernández, Luisa,
_ecorrec.
_966105
830 0 _aAutoaprendizaje
_91208
_n13
910 _aBtavárez
942 _2ddc
_cLBS1
999 _c52701
_d52701